U.S. Interstates Quiz - Statistics

General Stats
  • This quiz has been taken 405 times
  • The average score is 42 of 70
Answer Stats
Length (mi) Termini State(s) or DC Interstate % Correct
3,020.44 Seattle, WA to Boston, MA WA, ID, MT, WY, SD, MN, WI, IL, IN, OH, PA, NY, MA 90
98%
2,899.59 San Francisco, CA to Teaneck, NJ CA, NV, UT, WY, NE, IA, IL, IN, OH, PA, NJ 80
94%
2,460.34 Santa Monica, CA to Jacksonville, FL CA, AZ, NM, TX, LA, MS, AL, FL 10
92%
1,919.31 Miami, FL to Houlton, ME FL, GA, SC, NC, VA, MD, DE, PA, NJ, NY, CT, RI, MA, NH, ME 95
92%
2,556.61 Barstow, CA to Wilmington, NC CA, AZ, NM, TX, OK, AR, TN, NC 40
91%
1,786.47 Miami Lakes, FL to Sault Ste. Marie, MI FL, GA, TN, KY, OH, MI 75
89%
2,172.16 Cove Fort, UT to Baltimore, MD UT, CO, KS, MO, IL, IN, OH, WV, PA, MD 70
88%
1,568.38 Laredo, TX to Duluth, MN TX, OK, KS, MO, IA, MN 35
84%
1,381.29 San Ysidro, CA to Blaine, WA CA, OR, WA 5
83%
1,433.52 San Diego, CA to Sweetgrass, MT CA, NV, AZ, UT, ID, MT 15
81%
1,585.2 Lockwood, MT to Port Huron, MI MT, ND, MN, WI, IL, IN, MI 94
81%
1,539.38 Scroggins Draw, TX to Florence, SC TX, LA, MS, AL, GA, SC 20
80%
1,061.67 Las Cruces, NM to Buffalo, WY NM, CO, WY 25
80%
964.25 LaPlace, LA to Chicago, IL LA, MS, TN, AR, MO, IL 55
79%
887.3 Mobile, AL to Gary, IN AL, TN, KY, IN 65
76%
963.52 Wentzville, MO to Chesapeake, VA MO, IL, IN, KY, WV, VA 64
70%
855.02 Dandridge, TN to Wellesley Island, NY TN, VA, WV, MD, PA, NY 81
68%
769.62 Portland, OR to Echo, UT OR, ID, UT 84
67%
721.57 Victoria, TX (future) to Port Huron, MI TX, MS, TN, KY, IN, MI, (LA), (AR) 69
66%
666.05 Montgomery, AL to Petersburg, VA AL, GA, SC, NC, VA 85
66%
755.51 Kansas City, MO to Pembina, ND MO, IA, SD, ND 29
65%
636.69 Wichita Falls, TX to St. Louis, MO TX, OK, MO 44
62%
348.25 San Diego, CA to Casa Grande, AZ CA, AZ 8
62%
610.1 Columbia, SC to Cleveland, OH SC, NC, VA, WV, OH 77
61%
145.76 Phoenix, AZ to Flagstaff, AZ AZ 17
58%
366.76 Fort Worth, TX to North Little Rock, AR TX, AR 30
58%
528.02 Lafayette, LA to Kansas City, MO LA, AR, MO 49
58%
435.66 Westfield Center, OH to Bellmawr, NJ OH, PA, NJ 76
58%
333.49 New York, NY to Champlain, NY NY 87
58%
132.3 Tampa, FL to Daytona Beach, FL FL 4
57%
386.12 Miner, MO to Chicago, IL MO, IL, (AR) 57
57%
345.57 Louisville, KY to Cleveland, OH KY, OH 71
57%
306.14 Normal, IL to Wausau, WI IL, WI 39
56%
284.91 Galveston, TX to Dallas, TX TX 45
56%
491.74 Bettendorf, IA to Lumberton, NC IA, IL, IN, OH, NC 74
56%
290.37 New Haven, CT to Derby Line, VT CT, MA, VT 91
56%
316.36 Pulley's Mill, IL to Chattanooga, TN IL, KY, TN, GA 24
55%
186.48 Denver, CO to Big Springs, NE CO, NE 76
55%
343.46 Charleston, WV to Erie, PA WV, PA 79
55%
232.71 Scranton, PA to Sturbridge, MA PA, NY, CT, MA 84
53%
189.95 Canton, MA to St. Johnsbury, VT MA, NH, VT 93
53%
192.06 Norton Shores, MI to Detroit, MI MI 96
53%
63.35 Nogales, AZ to Tucson, AZ AZ 19
52%
304.64 Kingsport, TN to Charleston, SC TN, NC, SC 26
52%
166.81 Macon, GA to Savannah, GA GA 16
51%
124.13 Lubbock, TX to Amarillo, TX TX 27
51%
191.55 Beloit, WI to Howard, WI WI 43
51%
191.12 Bow, NH to Highgate, VT NH, VT 89
51%
85.59 Baton Rouge, LA to Slidell, LA LA 12
50%
76.28 Front Royal, VA to Washington, D.C. VA, DC 66
50%
445.23 Slidell, LA to Wildwood, GA LA, MS, AL, GA 59
49%
223.39 North East, PA to Windsor, NY PA, NY 86
49%
117.75 Binghamton, NY to Schenectady, NY NY 88
49%
22.6 Boulder City, NV to Henderson, NV NV 11
48%
113.15 Morgantown, WV to Hancock, MD WV, MD 68
48%
146.28 Jonestown, PA to New York, NY PA, NJ, NY 78
48%
202.22 Byhalia, MS to Birmingham, AL MS, AL 22
47%
175 Russell, IL to Howard, WI IL, WI 41
47%
179.29 Hannibal, MO to Champaign, IL MO, IL 72
47%
143.58 Ellensburg, WA to Hermiston, OR WA, OR 82
47%
46.8 Peñitas, TX to Harlingen, TX TX 2
46%
85.03 Baltimore, MD to Harrisburg, PA MD, PA 83
46%
98.34 Bedford, PA to Painted Post, NY PA, NY 99
45%
143 Corpus Christi, TX to San Antonio, TX TX 37
44%
140.6 East Moline, IL to Hillside, IL IL 88
44%
17.62 Annapolis, MD to Glen Burnie, MD MD 97
43%
99.43 Stokesdale, NC to Randleman, NC NC 73
40%
62.85 Declo, ID to Chubbuck, ID ID 86
40%
25.1 Copperas Cove, TX to Belton, TX TX 14
38%
12.9 Raleigh, NC to Wendell, NC NC 87
38%
No matching quizzes found
Score Distribution
Percent of People with Each Score
Percentile by Number Answered
Your Score History
You have not taken this quiz